[Event "2021 FIDE Online Olympiad"]
[Site "Chess.com"]
[Date "2021.08.27"]
[Round "1.6"]
[White "Mejia, Camila"]
[Black "Moore, Gaybrianna"]
[Result "0-1"]
[WhiteElo "1275"]
[BlackElo "1321"]
[PlyCount "134"]
[EventDate "2021.08.27"]
[EventType "team"]
[EventRounds "9"]
[SourceVersionDate "2018.05.14"]
[WhiteTeam "Honduras"]
[BlackTeam "Barbados"]
[WhiteTeamCountry "HON"]
[BlackTeamCountry "BAR"]

1. e4 e5 2. Nf3 Nc6 3. Bb5 f5 4. exf5 e4 5. Ng5 Qxg5 6. d3 Qxf5 7. Bxc6 bxc6 8.
dxe4 Qxe4+ 9. Be3 Nf6 10. O-O Qd5 11. Qe2 Be7 12. Nc3 Qh5 13. Qc4 Qf7 14. Qf4
Bd6 15. Qd4 O-O 16. Rfe1 Qh5 17. Bf4 Bxf4 18. Qxf4 Ng4 19. Qg3 Nxf2 20. Rf1 Ng4
21. Rxf8+ Kxf8 22. h3 Qc5+ 23. Kf1 Ba6+ 24. Ke1 Qe3+ 25. Qxe3 Nxe3 26. Kd2 Nxg2
27. Ne4 Nh4 28. Ng5 h6 29. Ne4 Re8 30. Nc5 Bc8 31. Rf1+ Kg8 32. c3 d6 33. Nd3
Bxh3 34. Kc2 Bxf1 35. Nb4 Re2+ 36. Kd1 Re5 37. Nxc6 Rd5+ 38. Kc2 Bb5 39. Ne7+
Kf7 40. Nxd5 c6 41. Nb4 Ke6 42. b3 c5 43. Nd3 Bxd3+ 44. Kxd3 Ke5 45. c4 Nf5 46.
a4 g5 47. Ke2 g4 48. a5 h5 49. a6 Nd4+ 50. Kf2 Nxb3 51. Kg3 Kf5 52. Kh4 Kg6 53.
Kg3 Na5 54. Kh4 Nxc4 55. Kg3 Kg5 56. Kh2 h4 57. Kg2 Kf4 58. Kh2 g3+ 59. Kh3 d5
60. Kxh4 g2 61. Kh5 g1=Q 62. Kh6 d4 63. Kh7 d3 64. Kh6 d2 65. Kh5 d1=Q+ 66. Kh4
Qd8+ 67. Kh5 Qh8# 0-1

[Event "2021 FIDE Online Olympiad"]
[Site "Chess.com"]
[Date "2021.08.27"]
[Round "1.1"]
[White "Anquandah, Francis Eric"]
[Black "Sanchez Alvarez, Roberto Carlos"]
[Result "0-1"]
[WhiteElo "2031"]
[BlackElo "2418"]
[PlyCount "84"]
[EventDate "2021.08.27"]
[EventType "team"]
[EventRounds "9"]
[SourceVersionDate "2018.05.14"]
[WhiteTeam "Ghana"]
[BlackTeam "Panama"]
[WhiteTeamCountry "GHA"]
[BlackTeamCountry "PAN"]

1. e4 c5 2. Nf3 d6 3. d4 cxd4 4. Bb5+ Nc6 5. Nxd4 Bd7 6. Nc3 g6 7. Be3 Nf6 8.
f3 Bg7 9. Qd2 O-O 10. O-O-O Rc8 11. h4 h5 12. Be2 Ne5 13. Kb1 Nc4 14. Bxc4 Rxc4
15. Nb3 Qc7 16. Bh6 Bxh6 17. Qxh6 Rxc3 18. bxc3 Qxc3 19. Qd2 Qc7 20. g4 hxg4
21. h5 Rc8 22. hxg6 fxg6 23. Rc1 gxf3 24. Qg5 Kf7 25. Rh6 Rg8 26. Qf4 Bg4 27.
Rh7+ Rg7 28. Rxg7+ Kxg7 29. Re1 e5 30. Qe3 Qb6 31. Qxb6 axb6 32. Nd2 g5 33. Rf1
d5 34. Nxf3 Bxf3 35. Rxf3 Nxe4 36. Kc1 g4 37. Rf1 Kg6 38. a3 Kg5 39. Kd1 g3 40.
Ke1 Kg4 41. Ke2 g2 42. Rb1 Nc3+ 0-1

[Event "2021 FIDE Online Olympiad"]
[Site "Chess.com"]
[Date "2021.08.27"]
[Round "1.2"]
[White "Tapia, Alexei"]
[Black "Adu Jnr, Lionel"]
[Result "1-0"]
[WhiteElo "1983"]
[BlackElo "1907"]
[PlyCount "65"]
[EventDate "2021.08.27"]
[EventType "team"]
[EventRounds "9"]
[SourceVersionDate "2018.05.14"]
[WhiteTeam "Panama"]
[BlackTeam "Ghana"]
[WhiteTeamCountry "PAN"]
[BlackTeamCountry "GHA"]

1. Nf3 d5 2. g3 g6 3. Bg2 Bg7 4. d4 Nf6 5. O-O O-O 6. Bf4 c6 7. Qc1 Qb6 8. Nbd2
Bg4 9. c3 Bxf3 10. Nxf3 Nbd7 11. Rb1 Rfe8 12. Re1 Ne4 13. Bh6 e5 14. Bxg7 Kxg7
15. e3 h5 16. Qc2 Re7 17. b3 Rae8 18. Rec1 exd4 19. cxd4 Ndf6 20. Ne5 Ng4 21.
Bxe4 Nxe5 22. Bg2 Ng4 23. b4 h4 24. Qc5 hxg3 25. hxg3 Qc7 26. Rb3 Nxe3 27. fxe3
Rxe3 28. Rxe3 Rxe3 29. Qc2 Qxg3 30. Rf1 Rd3 31. Qe2 Rxd4 32. Qe7 Rf4 33. Qe5+
1-0

[Event "2021 FIDE Online Olympiad"]
[Site "Chess.com"]
[Date "2021.08.27"]
[Round "1.3"]
[White "Felix, Tobi"]
[Black "Barria Baker, Raisa Melissa"]
[Result "0-1"]
[WhiteElo "1465"]
[BlackElo "1998"]
[PlyCount "44"]
[EventDate "2021.08.27"]
[EventType "team"]
[EventRounds "9"]
[SourceVersionDate "2018.05.14"]
[WhiteTeam "Ghana"]
[BlackTeam "Panama"]
[WhiteTeamCountry "GHA"]
[BlackTeamCountry "PAN"]

1. d4 d5 2. Bf4 Nf6 3. e3 c5 4. c3 Nc6 5. Bd3 Qb6 6. Qb3 c4 7. Qxb6 axb6 8. Bc2
e6 9. b3 cxb3 10. Bxb3 Bd7 11. Nd2 Ba3 12. c4 Nb4 13. cxd5 Nd3+ 14. Ke2 Nxf4+
15. exf4 exd5 16. Ngf3 O-O 17. Rhe1 Bb5+ 18. Kd1 Ng4 19. Ne5 Nxf2+ 20. Kc2
Rac8+ 21. Kb1 Nd3 22. Re3 Rc1# 0-1

[Event "2021 FIDE Online Olympiad"]
[Site "Chess.com"]
[Date "2021.08.27"]
[Round "1.4"]
[White "Munoz, Alba"]
[Black "Barnor, Mary"]
[Result "1-0"]
[WhiteElo "1717"]
[BlackElo "1000"]
[PlyCount "83"]
[EventDate "2021.08.27"]
[EventType "team"]
[EventRounds "9"]
[SourceVersionDate "2018.05.14"]
[WhiteTeam "Panama"]
[BlackTeam "Ghana"]
[WhiteTeamCountry "PAN"]
[BlackTeamCountry "GHA"]

1. e4 e5 2. Nf3 d6 3. d4 Nd7 4. Nc3 Be7 5. Bc4 Ngf6 6. O-O O-O 7. h3 b6 8. Re1
Bb7 9. a4 c6 10. Bg5 d5 11. exd5 cxd5 12. Bb3 h6 13. Bh4 Qc7 14. dxe5 Nxe5 15.
Nxe5 Bd6 16. Bxf6 Rae8 17. Bxg7 Rxe5 18. Bxe5 Bxe5 19. Bxd5 Bh2+ 20. Kh1 Rd8
21. Qg4+ Kf8 22. Bxb7 Qxb7 23. Kxh2 Qb8+ 24. Kg1 a6 25. Rad1 b5 26. axb5 axb5
27. Rxd8+ Qxd8 28. Qb4+ Kg8 29. Qxb5 Qd2 30. Qe8+ Kg7 31. Qe5+ f6 32. Qe7+ Kg6
33. Re3 Qd4 34. Qe4+ Qxe4 35. Rxe4 f5 36. Re5 Kf6 37. f4 h5 38. b4 h4 39. b5
Kf7 40. b6 Kg6 41. b7 Kh5 42. b8=Q 1-0

[Event "2021 FIDE Online Olympiad"]
[Site "Chess.com"]
[Date "2021.08.27"]
[Round "1.5"]
[White "Acheampong, Dave Quansah Chief"]
[Black "Batista Rosas, Nicolas Arturo"]
[Result "0-1"]
[WhiteElo "1375"]
[BlackElo "1642"]
[PlyCount "90"]
[EventDate "2021.08.27"]
[EventType "team"]
[EventRounds "9"]
[SourceVersionDate "2018.05.14"]
[WhiteTeam "Ghana"]
[BlackTeam "Panama"]
[WhiteTeamCountry "GHA"]
[BlackTeamCountry "PAN"]

1. e4 c6 2. d4 d5 3. exd5 cxd5 4. Bd3 Nc6 5. c3 Nf6 6. h3 Qc7 7. Nf3 g6 8. O-O
Bg7 9. Re1 O-O 10. Be3 Bf5 11. Bxf5 gxf5 12. Qc2 e6 13. Nbd2 Ne4 14. Nb3 f4 15.
Bd2 a5 16. a4 Rfc8 17. Qc1 Qb6 18. Qc2 Nxd4 19. Nbxd4 Bxd4 20. Nxd4 Qxd4 21.
Bxf4 Qf6 22. Be3 Rc4 23. Qb3 Qe7 24. Qb5 Nd6 25. Qb3 Nf5 26. Bd2 Rac8 27. Re2
d4 28. Rae1 Qd7 29. Re4 h5 30. Qd1 dxc3 31. Rxc4 Rxc4 32. Bxc3 Qxd1 33. Rxd1
Rxa4 34. Rd8+ Kh7 35. Rh8+ Kg6 36. Rg8+ Kh6 37. Rh8+ Kg5 38. Rg8+ Kf4 39. Rf8
Ra1+ 40. Kh2 Nd6 41. g3+ Ke4 42. Rh8 Nb5 43. Bd2 Nd4 44. Kg2 Nf3 45. Bc3 Rg1#
0-1

[Event "2021 FIDE Online Olympiad"]
[Site "Chess.com"]
[Date "2021.08.27"]
[Round "1.6"]
[White "Vasquez Jaen, Lourdes Lorena"]
[Black "Benson, Maud"]
[Result "1-0"]
[WhiteElo "1410"]
[BlackElo "1432"]
[PlyCount "35"]
[EventDate "2021.08.27"]
[EventType "team"]
[EventRounds "9"]
[SourceVersionDate "2018.05.14"]
[WhiteTeam "Panama"]
[BlackTeam "Ghana"]
[WhiteTeamCountry "PAN"]
[BlackTeamCountry "GHA"]

1. e4 c5 2. Nf3 Nc6 3. d4 cxd4 4. Nxd4 Nf6 5. Nc3 d6 6. Be2 e5 7. Nb3 Be6 8.
O-O Be7 9. Bg5 O-O 10. Qd2 Qd7 11. Rad1 Rfd8 12. f3 a6 13. f4 exf4 14. Bxf4 Ne5
15. Nd4 Rac8 16. Bg3 Bc4 17. Nf5 Bxe2 18. Qxe2 1-0

[Event "2021 FIDE Online Olympiad"]
[Site "Chess.com"]
[Date "2021.08.27"]
[Round "1.1"]
[White "Ortiz, Marcos"]
[Black "Arias, Lemnys A."]
[Result "0-1"]
[WhiteElo "2221"]
[BlackElo "2303"]
[PlyCount "48"]
[EventDate "2021.08.27"]
[EventType "team"]
[EventRounds "9"]
[SourceVersionDate "2018.05.14"]
[WhiteTeam "Nicaragua"]
[BlackTeam "El Salvador"]
[WhiteTeamCountry "NCA"]
[BlackTeamCountry "ESA"]

1. e4 c5 2. Nf3 d6 3. d4 cxd4 4. Nxd4 Nf6 5. Nc3 a6 6. Bg5 Nbd7 7. Qe2 h6 8.
Bh4 g6 9. f4 e5 10. fxe5 dxe5 11. O-O-O Be7 12. Nf3 O-O 13. Nxe5 Nxe5 14. Rxd8
Rxd8 15. Bg3 Nc6 16. Qe1 Be6 17. Be2 Rac8 18. Bf3 b5 19. Kb1 Nd4 20. Nd5 Nxd5
21. exd5 Nxc2 22. Qe5 Bf5 23. Qxe7 Re8 24. Qf8+ Kxf8 0-1

[Event "2021 FIDE Online Olympiad"]
[Site "Chess.com"]
[Date "2021.08.27"]
[Round "1.2"]
[White "Guevara Sanchez, Erick Marvin"]
[Black "Alfaro, William"]
[Result "1/2-1/2"]
[WhiteElo "2173"]
[BlackElo "2165"]
[PlyCount "34"]
[EventDate "2021.08.27"]
[EventType "team"]
[EventRounds "9"]
[SourceVersionDate "2018.05.14"]
[WhiteTeam "El Salvador"]
[BlackTeam "Nicaragua"]
[WhiteTeamCountry "ESA"]
[BlackTeamCountry "NCA"]

1. e4 e6 2. d4 d5 3. Bd3 dxe4 4. Bxe4 Nf6 5. Bf3 c5 6. Ne2 Nc6 7. Be3 cxd4 8.
Nxd4 Ne5 9. Nc3 a6 10. Qe2 Nxf3+ 11. Qxf3 e5 12. Nf5 Qa5 13. Ng3 Bb4 14. Nge2
Bg4 15. Qxb7 O-O 16. O-O Rfb8 17. Qc6 Rc8 1/2-1/2

[Event "2021 FIDE Online Olympiad"]
[Site "Chess.com"]
[Date "2021.08.27"]
[Round "1.3"]
[White "Granados Diaz, Maria Esther"]
[Black "Ortez, Andrea"]
[Result "1-0"]
[WhiteElo "1797"]
[BlackElo "1969"]
[PlyCount "117"]
[EventDate "2021.08.27"]
[EventType "team"]
[EventRounds "9"]
[SourceVersionDate "2018.05.14"]
[WhiteTeam "Nicaragua"]
[BlackTeam "El Salvador"]
[WhiteTeamCountry "NCA"]
[BlackTeamCountry "ESA"]

1. e4 c5 2. Nf3 Nc6 3. d4 cxd4 4. Nxd4 g6 5. c4 Nf6 6. Nc3 Nxd4 7. Qxd4 d6 8.
Bg5 Bg7 9. Be2 O-O 10. O-O a5 11. Qd2 a4 12. Rab1 Qa5 13. f3 Be6 14. Nd5 Bxd5
15. cxd5 Qxd2 16. Bxd2 Nd7 17. Rfc1 Bd4+ 18. Kf1 Nc5 19. Bc3 Be3 20. Rd1 Rfc8
21. Bd4 Bh6 22. g3 Rc7 23. Bb5 a3 24. b4 Na4 25. f4 Nc3 26. Bxc3 Rxc3 27. Rbc1
Rac8 28. Rxc3 Rxc3 29. Rd2 Rc1+ 30. Ke2 Rb1 31. Rc2 Rxb4 32. Bd3 b5 33. Kf3 Rb2
34. Ke2 Bg7 35. Kd2 b4 36. Rxb2 axb2 37. Kc2 Bc3 38. Kb3 Bd4 39. Kxb4 Kf8 40.
a4 Ke8 41. a5 Kd7 42. g4 Kc7 43. Kb5 Kb7 44. h4 Be3 45. f5 gxf5 46. exf5 h6 47.
a6+ Ka7 48. Kc6 Bf4 49. Kd7 Bg3 50. Kxe7 Bxh4+ 51. Kxd6 b1=Q 52. Bxb1 Kxa6 53.
Kc7 Kb5 54. Ba2 Bg3+ 55. Kd7 Kc5 56. Ke7 Bf4 57. Kxf7 Kd6 58. Kg7 Bg5 59. f6
1-0

[Event "2021 FIDE Online Olympiad"]
[Site "Chess.com"]
[Date "2021.08.27"]
[Round "1.4"]
[White "Zavala Galindo, Alejandra Beatri"]
[Black "Narvaez Talavera, Joanie Ellen"]
[Result "0-1"]
[WhiteElo "1893"]
[BlackElo "1743"]
[PlyCount "72"]
[EventDate "2021.08.27"]
[EventType "team"]
[EventRounds "9"]
[SourceVersionDate "2018.05.14"]
[WhiteTeam "El Salvador"]
[BlackTeam "Nicaragua"]
[WhiteTeamCountry "ESA"]
[BlackTeamCountry "NCA"]

1. e4 c6 2. d4 d5 3. exd5 cxd5 4. Bd3 Nc6 5. c3 Nf6 6. Nf3 Bg4 7. h3 Bh5 8.
Nbd2 e6 9. Nf1 Qc7 10. Ng3 Bxf3 11. Qxf3 Bd6 12. Bg5 Be7 13. O-O h6 14. Bf4 Bd6
15. Bxd6 Qxd6 16. Rfe1 O-O 17. Qe3 a6 18. f4 Rfe8 19. Qf3 Ne7 20. f5 exf5 21.
Nxf5 Nxf5 22. Bxf5 b5 23. Kf2 b4 24. Rxe8+ Rxe8 25. Re1 bxc3 26. Rxe8+ Nxe8 27.
bxc3 Nc7 28. Bc2 Ne6 29. Qd3 g6 30. g3 Ng5 31. Kg2 Qe6 32. g4 Kg7 33. Bd1 Qe1
34. Qe2 Qxc3 35. Qe5+ Kh7 36. Be2 Qxh3+ 0-1

[Event "2021 FIDE Online Olympiad"]
[Site "Chess.com"]
[Date "2021.08.27"]
[Round "1.5"]
[White "Salazar Cabezas, Alberto Javier"]
[Black "Perez Salazar, Armando"]
[Result "0-1"]
[WhiteElo "2124"]
[BlackElo "1932"]
[PlyCount "60"]
[EventDate "2021.08.27"]
[EventType "team"]
[EventRounds "9"]
[SourceVersionDate "2018.05.14"]
[WhiteTeam "Nicaragua"]
[BlackTeam "El Salvador"]
[WhiteTeamCountry "NCA"]
[BlackTeamCountry "ESA"]

1. Nf3 c5 2. e4 Nc6 3. c3 d5 4. exd5 Qxd5 5. d4 cxd4 6. cxd4 Bg4 7. Be2 e6 8.
Nc3 Bb4 9. O-O Qa5 10. Be3 Nf6 11. Qb3 Qc7 12. Nb5 Qb8 13. h3 Bh5 14. a3 Be7
15. Nc3 O-O 16. Rfd1 Bg6 17. d5 exd5 18. Nxd5 Nxd5 19. Rxd5 Qc8 20. Rc1 Bf6 21.
Rb5 Qd8 22. Rd1 Qc8 23. Rbd5 Bf5 24. Bc4 Be4 25. Rd7 Bxf3 26. Bxf7+ Kh8 27.
gxf3 Ne5 28. Rxb7 Rxf7 29. Rxf7 Qxh3 30. Rxf6 gxf6 0-1

[Event "2021 FIDE Online Olympiad"]
[Site "Chess.com"]
[Date "2021.08.27"]
[Round "1.6"]
[White "Barahona, Dalila Yamileth"]
[Black "Martinez Gutierrez, Camila Renata"]
[Result "1-0"]
[WhiteElo "1802"]
[BlackElo "1255"]
[PlyCount "87"]
[EventDate "2021.08.27"]
[EventType "team"]
[EventRounds "9"]
[SourceVersionDate "2018.05.14"]
[WhiteTeam "El Salvador"]
[BlackTeam "Nicaragua"]
[WhiteTeamCountry "ESA"]
[BlackTeamCountry "NCA"]

1. c4 e6 2. g3 d5 3. Bg2 Nf6 4. Nc3 c6 5. cxd5 exd5 6. d4 Bd6 7. Nf3 Be6 8. O-O
O-O 9. Re1 Qd7 10. e4 dxe4 11. Ng5 Bg4 12. Qc2 Re8 13. Bd2 h6 14. Ngxe4 Nxe4
15. Bxe4 Bh3 16. Re2 Na6 17. Rae1 Nc7 18. d5 cxd5 19. Nxd5 Nxd5 20. Bxd5 Rxe2
21. Rxe2 Qb5 22. Qe4 Bd7 23. Bc4 Qxb2 24. Bxh6 Re8 25. Qxe8+ Bxe8 26. Rxb2 gxh6
27. Rxb7 Bc6 28. Rxa7 Bc5 29. Rc7 Bxf2+ 30. Kxf2 Be8 31. Rc8 Kf8 32. Bb5 Kg7
33. Rxe8 f6 34. a4 Kg6 35. a5 f5 36. a6 Kg5 37. a7 h5 38. a8=Q h4 39. Rg8+ Kh5
40. Qf3+ Kh6 41. Qf4+ Kh7 42. Qg5 hxg3+ 43. Kg2 gxh2 44. Qg7# 1-0

[Event "2021 FIDE Online Olympiad"]
[Site "Chess.com"]
[Date "2021.08.27"]
[Round "1.1"]
[White "Khoa, Goodwill"]
[Black "Vivas Zamora, Fabian Ernesto"]
[Result "0-1"]
[WhiteElo "1846"]
[BlackElo "2091"]
[PlyCount "144"]
[EventDate "2021.08.27"]
[EventType "team"]
[EventRounds "9"]
[SourceVersionDate "2018.05.14"]
[WhiteTeam "Namibia"]
[BlackTeam "Venezuela"]
[WhiteTeamCountry "NAM"]
[BlackTeamCountry "VEN"]

1. Nf3 Nf6 2. c4 c5 3. Nc3 d5 4. cxd5 Nxd5 5. e4 Nxc3 6. bxc3 g6 7. Bc4 Bg7 8.
O-O O-O 9. Bb2 Nc6 10. h3 Na5 11. Be2 c4 12. Qc2 Qc7 13. Ba3 b5 14. Rab1 a6 15.
Rfe1 Rd8 16. Bb4 Nc6 17. a4 Bb7 18. axb5 axb5 19. Bc5 Ra5 20. Be3 Rda8 21. Rec1
Nd8 22. d3 Ra2 23. Qd1 Ba6 24. Nd4 Qd7 25. dxc4 bxc4 26. Rc2 Rxc2 27. Qxc2 Nc6
28. Nxc6 Qxc6 29. Rb6 Qc7 30. Bf3 Bh6 31. Qc1 Qxb6 32. Bxh6 Bb7 33. Qd2 Ra1+
34. Kh2 Qd6+ 35. Qxd6 exd6 36. Bf4 Ra3 37. Bd2 f5 38. exf5 Bxf3 39. gxf3 gxf5
40. Kg3 Kf7 41. Kf4 Ke6 42. Kg5 d5 43. Kf4 d4 44. cxd4 c3 45. Bc1 Ra1 46. Be3
c2 47. d5+ Kxd5 48. Kxf5 Ra3 49. Bc1 Rxf3+ 50. Kg4 Rxf2 51. h4 Rf1 52. Bb2 Ke4
53. Kg5 c1=Q+ 54. Bxc1 Rxc1 55. Kh6 Kf5 56. Kxh7 Rc7+ 57. Kh6 Kg4 58. h5 Rc6+
59. Kg7 Kxh5 60. Kf7 Kg5 61. Ke7 Kf5 62. Kd7 Re6 63. Kc7 Ke5 64. Kd7 Kd5 65.
Kc7 Rd6 66. Kb7 Rc6 67. Ka7 Kc5 68. Kb7 Kb5 69. Ka7 Rb6 70. Ka8 Kc6 71. Ka7 Kc7
72. Ka8 Ra6# 0-1

[Event "2021 FIDE Online Olympiad"]
[Site "Chess.com"]
[Date "2021.08.27"]
[Round "1.2"]
[White "Abiad Parra, Carlos Jose"]
[Black "Eichab, Charles"]
[Result "1-0"]
[WhiteElo "2050"]
[BlackElo "2016"]
[PlyCount "77"]
[EventDate "2021.08.27"]
[EventType "team"]
[EventRounds "9"]
[SourceVersionDate "2018.05.14"]
[WhiteTeam "Venezuela"]
[BlackTeam "Namibia"]
[WhiteTeamCountry "VEN"]
[BlackTeamCountry "NAM"]

1. e4 d5 2. exd5 Qxd5 3. Nc3 Qd6 4. d4 Nf6 5. Nf3 c6 6. Be2 Bg4 7. Bg5 Nbd7 8.
Qd2 e6 9. a3 Qc7 10. h3 Bxf3 11. Bxf3 Bd6 12. O-O-O h6 13. Be3 Nd5 14. Ne4 N7b6
15. Be2 O-O-O 16. c4 Nxe3 17. Nxd6+ Qxd6 18. fxe3 c5 19. Qa5 cxd4 20. exd4 Qf4+
21. Rd2 Kb8 22. Rf1 Qg5 23. Qxg5 hxg5 24. Rxf7 Rh4 25. c5 Nd5 26. Rxg7 Ne3 27.
Bf3 Rhxd4 28. Rxb7+ Kc8 29. Rxd4 Rxd4 30. Rxa7 Rc4+ 31. Kd2 Nf1+ 32. Ke1 Ng3
33. b4 Nf5 34. Kd2 Rd4+ 35. Kc3 Rf4 36. Bg4 Kd8 37. a4 Nd4 38. b5 e5 39. c6 1-0

[Event "2021 FIDE Online Olympiad"]
[Site "Chess.com"]
[Date "2021.08.27"]
[Round "1.3"]
[White "Mentile, Lishen"]
[Black "Varela La Madrid, Tilsia Carolina"]
[Result "0-1"]
[WhiteElo "1477"]
[BlackElo "2033"]
[PlyCount "124"]
[EventDate "2021.08.27"]
[EventType "team"]
[EventRounds "9"]
[SourceVersionDate "2018.05.14"]
[WhiteTeam "Namibia"]
[BlackTeam "Venezuela"]
[WhiteTeamCountry "NAM"]
[BlackTeamCountry "VEN"]

1. e4 e5 2. Nf3 Nc6 3. Bc4 Nf6 4. Nc3 Bb4 5. d3 d6 6. h3 h6 7. Bd2 O-O 8. a3
Bxc3 9. Bxc3 Be6 10. Bb3 Bxb3 11. cxb3 d5 12. exd5 Nxd5 13. O-O Re8 14. Re1 f6
15. Rc1 Nf4 16. Re3 Ne7 17. d4 Nf5 18. Re4 Qd5 19. Qc2 Nd6 20. Re3 e4 21. Nd2
Qg5 22. Rg3 Ne2+ 23. Kh2 Nxg3 24. fxg3 e3 25. Nf3 Qf5 26. Qe2 c6 27. Rf1 Qe4
28. Nh4 Rad8 29. Rf4 Qh7 30. Rf3 Qe4 31. Rf4 Qe6 32. Rf1 Ne4 33. Qxe3 Nxc3 34.
Qxe6+ Rxe6 35. bxc3 Re3 36. Rc1 Rde8 37. Nf5 Re2 38. Nd6 R8e7 39. Nf5 R7e6 40.
Nh4 Ra2 41. a4 a5 42. Nf5 Ree2 43. Nd6 Rxg2+ 44. Kh1 Rh2+ 45. Kg1 Rag2+ 46. Kf1
Rb2 47. Kg1 Rhg2+ 48. Kf1 Rgf2+ 49. Kg1 b6 50. Ne4 Rg2+ 51. Kf1 Rh2 52. Kg1
Rbe2 53. Rb1 Rxh3 54. Nf2 Rxg3+ 55. Kh2 Rf3 56. Rf1 Rfxf2+ 57. Rxf2 Rxf2+ 58.
Kg3 Rc2 59. Kf4 Rxc3 60. Ke4 Rxb3 61. Kf5 Rb4 62. Ke4 c5 0-1

[Event "2021 FIDE Online Olympiad"]
[Site "Chess.com"]
[Date "2021.08.27"]
[Round "1.4"]
[White "Patino Garcia, Corals"]
[Black "Horn, Lure"]
[Result "1-0"]
[WhiteElo "1799"]
[BlackElo "1066"]
[PlyCount "113"]
[EventDate "2021.08.27"]
[EventType "team"]
[EventRounds "9"]
[SourceVersionDate "2018.05.14"]
[WhiteTeam "Venezuela"]
[BlackTeam "Namibia"]
[WhiteTeamCountry "VEN"]
[BlackTeamCountry "NAM"]

1. d4 d5 2. Bf4 Nf6 3. e4 Nxe4 4. Bd3 Nf6 5. c3 Bg4 6. Qb3 b6 7. Nd2 Nbd7 8.
Ngf3 e6 9. Ne5 Nxe5 10. Bxe5 Bd6 11. Bb5+ Nd7 12. Bxg7 Rg8 13. Bh6 Qf6 14. Be3
Rc8 15. Qa4 Qd8 16. h3 Bh5 17. g4 Bg6 18. h4 h5 19. g5 a5 20. f4 Kf8 21. Bxd7
Rb8 22. Bc6 Kg7 23. Rg1 Kh8 24. Nf3 Be4 25. Ne5 Bxe5 26. fxe5 Qe7 27. Qd1 Bg6
28. Bb5 Rbc8 29. Be2 c6 30. Bxh5 Kh7 31. Bxg6+ fxg6 32. Rf1 b5 33. Rf6 Rg7 34.
Qg4 Re8 35. h5 gxh5 36. Qxh5+ Kg8 37. Rh6 Rh7 38. Rxh7 Qxh7 39. Qxe8+ Kg7 40.
Qe7+ Kg6 41. Qxh7+ Kxh7 42. Kf2 Kg6 43. Rh1 Kg7 44. Kg3 a4 45. Kg4 Kf7 46. Rh7+
Kg6 47. Re7 a3 48. bxa3 b4 49. Rxe6+ Kf7 50. Rf6+ Ke7 51. cxb4 c5 52. bxc5 Kd7
53. g6 Kc7 54. g7 Kd7 55. g8=Q Ke7 56. Qg7+ Ke8 57. Rf8# 1-0

[Event "2021 FIDE Online Olympiad"]
[Site "Chess.com"]
[Date "2021.08.27"]
[Round "1.5"]
[White "Gaoseb, Manfredo"]
[Black "Castro Silva, Moises Antonio"]
[Result "0-1"]
[WhiteElo "1647"]
[BlackElo "1926"]
[PlyCount "95"]
[EventDate "2021.08.27"]
[EventType "team"]
[EventRounds "9"]
[SourceVersionDate "2018.05.14"]
[WhiteTeam "Namibia"]
[BlackTeam "Venezuela"]
[WhiteTeamCountry "NAM"]
[BlackTeamCountry "VEN"]

1. e4 c5 2. Nf3 Nc6 3. d4 cxd4 4. Nxd4 Nf6 5. Nc3 e5 6. Nf5 d5 7. exd5 Bxf5 8.
dxc6 Qxd1+ 9. Nxd1 bxc6 10. Ne3 Bg6 11. Bc4 Bc5 12. O-O O-O-O 13. a3 Nd5 14. b4
Bd4 15. Rb1 Nxe3 16. fxe3 Bxc2 17. exd4 Bxb1 18. Rxf7 Rxd4 19. Ba6+ Kb8 20. Be3
Rhd8 21. Rxg7 R4d7 22. Rg5 Bd3 23. Bxd3 Rxd3 24. Rxe5 Rxa3 25. Re7 Ra2 26. h3
Rg8 27. Bf4+ Ka8 28. g3 Rd8 29. Re1 Rd4 30. Rb1 Kb7 31. Kf1 Ka6 32. Rc1 Kb5 33.
Ke1 Rxb4 34. h4 Rh2 35. Bd2 Re4+ 36. Kd1 Rh1+ 37. Kc2 Rxc1+ 38. Kxc1 h5 39. Kc2
a5 40. Kd3 Rg4 41. Be1 a4 42. Kc3 Rc4+ 43. Kb2 Re4 44. Bc3 Re3 45. g4 hxg4 46.
h5 Rh3 47. h6 Rxh6 48. Be1 0-1

[Event "2021 FIDE Online Olympiad"]
[Site "Chess.com"]
[Date "2021.08.27"]
[Round "1.6"]
[White "Gonzalez Gonzalez, Maria Alejandra"]
[Black "Van Wyk, Keisha C"]
[Result "1-0"]
[WhiteElo "1482"]
[BlackElo "1207"]
[PlyCount "93"]
[EventDate "2021.08.27"]
[EventType "team"]
[EventRounds "9"]
[SourceVersionDate "2018.05.14"]
[WhiteTeam "Venezuela"]
[BlackTeam "Namibia"]
[WhiteTeamCountry "VEN"]
[BlackTeamCountry "NAM"]

1. d4 Nf6 2. Bf4 g6 3. e3 Bg7 4. Nf3 O-O 5. Be2 d6 6. h3 Nbd7 7. O-O Re8 8. c4
c6 9. Nc3 Qc7 10. Bh2 e5 11. Rc1 exd4 12. exd4 c5 13. Nb5 Qb6 14. Nxd6 Rd8 15.
Nb5 Ne8 16. d5 a6 17. Nc3 Qxb2 18. Qd2 Qb6 19. Rfe1 Qb4 20. Ne4 Qxd2 21. Nfxd2
Ndf6 22. Bf3 Bh8 23. Nxc5 b6 24. Nce4 Nxe4 25. Bxe4 Nf6 26. Bf3 Bf5 27. d6 Rac8
28. Nb3 Bd3 29. c5 bxc5 30. Rxc5 Nd7 31. Rxc8 Rxc8 32. Bb7 Rc2 33. Bg3 Rxa2 34.
Re8+ Kg7 35. Be5+ f6 36. Re7+ Kf8 37. Bg3 Rc2 38. Nd4 Rc1+ 39. Kh2 f5 40. Ne6+
Kg8 41. Rxd7 Rc2 42. Rd8+ Kf7 43. Ng5+ Kg7 44. Be5+ Kh6 45. Nf7+ Kh5 46. Bf3+
Kh4 47. Bg3# 1-0

[Event "2021 FIDE Online Olympiad"]
[Site "Chess.com"]
[Date "2021.08.27"]
[Round "2.1"]
[White "Zilleruelo Irizarry, Diego"]
[Black "Ynojosa Aponte, Felix Jose"]
[Result "1-0"]
[WhiteElo "2119"]
[BlackElo "2415"]
[PlyCount "37"]
[EventDate "2021.08.27"]
[EventType "team"]
[EventRounds "9"]
[SourceVersionDate "2018.05.14"]
[WhiteTeam "Puerto Rico"]
[BlackTeam "Venezuela"]
[WhiteTeamCountry "PUR"]
[BlackTeamCountry "VEN"]

1. e4 c5 2. Nf3 Nc6 3. Bb5 e6 4. O-O Nge7 5. d4 cxd4 6. Nxd4 Qb6 7. Nxc6 bxc6
8. Be2 c5 9. c4 Ng6 10. Nc3 Be7 11. b3 Bb7 12. Bb2 O-O 13. f4 f5 14. exf5 Nh4
15. Qxd7 Nxf5 16. Na4 Qa6 17. Qb5 Qxb5 18. cxb5 Ne3 19. Rf2 1-0

[Event "2021 FIDE Online Olympiad"]
[Site "Chess.com"]
[Date "2021.08.27"]
[Round "2.2"]
[White "Martinez Reyes, Pedro Ramon"]
[Black "Fellman, Mike"]
[Result "1-0"]
[WhiteElo "2319"]
[BlackElo "1992"]
[PlyCount "89"]
[EventDate "2021.08.27"]
[EventType "team"]
[EventRounds "9"]
[SourceVersionDate "2018.05.14"]
[WhiteTeam "Venezuela"]
[BlackTeam "Puerto Rico"]
[WhiteTeamCountry "VEN"]
[BlackTeamCountry "PUR"]

1. e4 c5 2. c3 Nf6 3. e5 Nd5 4. Bc4 Nb6 5. Bb3 Nc6 6. Nf3 d5 7. exd6 Qxd6 8.
O-O Bf5 9. d4 cxd4 10. Nxd4 Nxd4 11. cxd4 e6 12. Nc3 Be7 13. Qf3 O-O 14. Qxb7
Rfc8 15. Be3 Rab8 16. Qf3 Qb4 17. Bf4 Bd6 18. Bxd6 Qxd6 19. d5 Nc4 20. dxe6
Bxe6 21. Bxc4 Bxc4 22. Rfd1 Qe5 23. Rd2 h6 24. h3 Be6 25. Rad1 Qa5 26. Qf4 Rb4
27. Qg3 Qb6 28. b3 Qa6 29. Rd8+ Rxd8 30. Rxd8+ Kh7 31. Qd3+ Qxd3 32. Rxd3 Rb6
33. f3 Rc6 34. g4 f5 35. Kf2 Bc8 36. b4 Rc4 37. a3 g5 38. Ke3 f4+ 39. Kd2 Kg6
40. Ne4 Bb7 41. Nd6 Rc7 42. Nb5 Re7 43. Rd6+ Kg7 44. Nd4 Ba8 45. Nf5+ 1-0